000 00839nam a2200253 a 4500
008
020 _a0070523746 (cased)
049 _aMAIN
090 _aTK5104
100 1 _aRichharia, M.
_q(Madhavendra)
245 1 0 _aSatellite communications systems :
_bdesign principles /
_cM. Richharia.
260 _aNew York :
_bMcGraw-Hill,
_c1995.
300 _axii, 404 p. :
_bill. ;
_c24 cm.
504 _aIncludes bibliographical references.
500 _aIncludes index.
650 0 _aArtificial satellites in telecommunication.
650 0 _aArtificial satellites
_xDesign and construction.
650 0 _aGeostationary satellites
_xDesign and construction.
907 _a.b10071428
_b05-10-04
_c17-04-03
003
005 20230123133722.0
040 _cNUST
942 _cBOOKS
_kTK5104
999 _c153453
_d153453